000 00569nam a2200229Ia 4500
003 OSt
005 20220918203012.0
006 a|||||r|||| 00| 0
007 ta
008 220917b |||||||| |||| 00| 0 eng d
024 _a105,406
037 _cTextual
040 _aARTS
_cARTS
_beng
041 _2eng
_aeng
082 _aV3:22wM75, J4.2
100 _aJones Thomas
_9106310
245 0 _aDiary with letters 1931-1950
260 _c1954
650 _aHISTORY
942 _hV3:22wM75, J4.2
_cTEXL
_2CC
999 _c228765
_d228765